000
00278nam a2200121Ia 4500
008
241002s9999 xx 000 0 und d
082
_a
305.3 SAL
100
_a
Salinger, J.D
245
0
_a
Frammy and Zooey
260
_a
London:
_c
1964
600
_a
Social Sciences
942
_c
UC
999
_c
18748
_d
18748